| 000 | 00000nam 2200000zi 4500 |
| 001 | 9.945334 |
| 003 | CaOODSP |
| 005 | 20241119140416 |
| 006 | m o d f |
| 007 | cr |n||||||||| |
| 008 | 241119t19791979onca ob f000 0 fre d |
| 020 | |z066090358X |
| 040 | |aCaOODSP|bfre|erda|cCaOODSP |
| 043 | |an-cn--- |
| 086 | 1 |aF96-1/10-1979F-PDF|zF96-1/10-1979F |
| 100 | 1 |aChristofides, L. N. |q(Loizos Nicolaou) |d1946- |eauteur. |
| 245 | 10|aÉtude des effets sur les taux de salaire de base négociés du contrôle des salaires au Canada (1975:3-1978:2) / |cpar L.N. Christofides et D.A. Wilton. |
| 264 | 1|a[Ottawa] : |bCommission de lutte contre l'inflation = Anti-Inflation Board, |c[1979] |
| 264 | 4|c©1979 |
| 300 | |a1 ressource en ligne (ix, 110 pages) : |billustrations |
| 336 | |atexte|btxt|2rdacontent/fre |
| 337 | |ainformatique|bc|2rdamedia/fre |
| 338 | |aressource en ligne|bcr|2rdacarrier/fre |
| 500 | |aPublié aussi en anglais sous le titre : Wage controls in Canada (1975:3-1978:2). |
| 500 | |aÉdition numérisée de l'imprimé [par Direction des publications du gouvernement du Canada]. |
| 504 | |aComprend des références bibliographiques (pages 102-108). |
| 650 | 0|aPrices|xGovernment policy|zCanada. |
| 650 | 0|aWages|zCanada. |
| 650 | 6|aPrix|xPolitique gouvernementale|zCanada. |
| 650 | 6|aSalaires|zCanada. |
| 710 | 1 |aCanada.|bCommission de lutte contre l'inflation, |eorganisme de publication. |
| 856 | 40|qPDF|s4791 Ko|uhttps://publications.gc.ca/collections/collection_2024/fin/F96-1-10-1979-fra.pdf |